<?xml version="1.0" encoding="UTF-8"?>
<record
    xmlns:xsi="http://www.w3.org/2001/XMLSchema-instance"
    xsi:schemaLocation="http://www.loc.gov/MARC21/slim http://www.loc.gov/standards/marcxml/schema/MARC21slim.xsd"
    xmlns="http://www.loc.gov/MARC21/slim">

  <leader>09117cam a22013094i 4500</leader>
  <controlfield tag="003">PE-LiUPU</controlfield>
  <controlfield tag="005">20250813185421.0</controlfield>
  <controlfield tag="008">180626s2004    mx a    rb    000 0 spa d</controlfield>
  <datafield tag="020" ind1=" " ind2=" ">
    <subfield code="a">8483167417</subfield>
  </datafield>
  <datafield tag="020" ind1=" " ind2=" ">
    <subfield code="a">9788483167410</subfield>
  </datafield>
  <datafield tag="035" ind1=" " ind2=" ">
    <subfield code="a">(Sirsi) a249063</subfield>
  </datafield>
  <datafield tag="040" ind1=" " ind2=" ">
    <subfield code="a">PE-LiUPU</subfield>
    <subfield code="b">spa</subfield>
    <subfield code="c">PE-LiUPU</subfield>
    <subfield code="e">rda</subfield>
  </datafield>
  <datafield tag="049" ind1=" " ind2=" ">
    <subfield code="a">PRUA</subfield>
  </datafield>
  <datafield tag="082" ind1="0" ind2="4">
    <subfield code="a">361.32</subfield>
    <subfield code="b">N29</subfield>
    <subfield code="2">21</subfield>
  </datafield>
  <datafield tag="100" ind1="1" ind2=" ">
    <subfield code="a">Navarro Pedre&#xF1;o, Silvia,</subfield>
    <subfield code="e">autor.</subfield>
  </datafield>
  <datafield tag="245" ind1="1" ind2="0">
    <subfield code="a">Redes sociales y construcci&#xF3;n comunitaria :</subfield>
    <subfield code="b">creando (con)textos para una acci&#xF3;n social ecol&#xF3;gica /</subfield>
    <subfield code="c">Silvia Navarro Pedre&#xF1;o.</subfield>
  </datafield>
  <datafield tag="250" ind1=" " ind2=" ">
    <subfield code="a">Tercera edici&#xF3;n.</subfield>
  </datafield>
  <datafield tag="264" ind1=" " ind2="1">
    <subfield code="a">M&#xE9;xico :</subfield>
    <subfield code="b">CCS,</subfield>
    <subfield code="c">2004.</subfield>
  </datafield>
  <datafield tag="300" ind1=" " ind2=" ">
    <subfield code="a">359 p&#xE1;ginas :</subfield>
    <subfield code="b">ilustraciones ;</subfield>
    <subfield code="c">23 cent&#xED;metros.</subfield>
  </datafield>
  <datafield tag="336" ind1=" " ind2=" ">
    <subfield code="a">text</subfield>
    <subfield code="2">rdacontent</subfield>
  </datafield>
  <datafield tag="337" ind1=" " ind2=" ">
    <subfield code="a">unmediated</subfield>
    <subfield code="2">rdamedia</subfield>
  </datafield>
  <datafield tag="338" ind1=" " ind2=" ">
    <subfield code="a">volume</subfield>
    <subfield code="2">rdacarrier</subfield>
  </datafield>
  <datafield tag="490" ind1="0" ind2=" ">
    <subfield code="a">Intervenci&#xF3;n Social ;</subfield>
    <subfield code="v">6</subfield>
  </datafield>
  <datafield tag="504" ind1=" " ind2=" ">
    <subfield code="a">Bibliograf&#xED;a : p&#xE1;ginas 353-359.</subfield>
  </datafield>
  <datafield tag="505" ind1="0" ind2=" ">
    <subfield code="a">El ofico de escribir / construir el trabajo social -- Un salto con red a la comunidad -- Trees preguntas para empezar o tomando impulso el tel&#xF3;n de fondo: los referentes tr&#xF3;ricos y conceptuales para la acci&#xF3;n -- D ela historia individual a las historias colectivas --- Viabilidad pr&#xE1;tica y rentabilidad del modelo de acci&#xF3;n o la opci&#xF3;n profecional por el cambio -- Esa otra soledad tan concurrida (familia, red social y oportunidades vitales) -- El cambio posible o el arte de historiar -- La familia: entre el ser y no ser -- Los profecionales: m&#xE1;s all&#xE1; de la soledad del corredor de fondo -- Y el final era el principio -- Experiencia de educaci&#xF3;n familiar en el &#xE1;mbito municipal -- Situci&#xF3;n de las experiencias:  el punto de partida -- La educaci&#xF3;n familiar desde diferentes niveles de interveci&#xF3;n: la complementariedad necesaria -- M&#xE1;s que conclusi&#xF3;n, breve reflexi&#xF3;n sobre las experiencias -- La construcci&#xF3;n de historias --Desde el umbral, hilo a la cometa -- Lo instituido y la comunidad: durmiendo con su enemigo -- Nubosidad variable o incertidumbre como posibilidad -- Redes consturctoras de realidades y devenires sociales -- Por los bordes de nuevos proyectos: otros itinerarios, otros territorios, otros tiempos -- La caja de pandora. una experiencia grupal con mujeres y su impacto comunitario -- Desafiando al mito -- Pandora, la que da todo -- Abrir la caja o la transgresi&#xF3;n creadora -- Y en el fondo de la caja, la esperanza -- Tiempo de interlunio. apuntes para repensar la atenci&#xF3;n social primaria -- Apolog&#xED;a de la imaginaci&#xF3;n creadora -- Recuperar la intervenci&#xF3;n  (versus gesti&#xF3;n) -- La mirada calidosc&#xF3;pica -- El reto de las encrucijadas a hacia una acci&#xF3;n social estrat&#xE9;gica -- Lapr&#xE1;ctica El oficio de escribir / construir el trabajo social -- Un salto con red a la comunidad -- Tres preguntas para empezar o tomando impulso el tel&#xF3;n de fondo: los referentes te&#xF3;ricos y conceptuales para la acci&#xF3;n - De la historia individual a las historias colectivas --- Viabilidad pr&#xE1;ctica y rentabilidad del modelo de acci&#xF3;n o la opci&#xF3;n profesional por el cambio -- Esa otra soledad tan concurrida (familia, red social y oportunidades vitales) -- El cambio posible o el arte de historiar -- La familia: entre el ser y no ser -- Los profesionales: m&#xE1;s all&#xE1; de la soledad del corredor de fondo -- Y el final era el principio -- Experiencia de educaci&#xF3;n familiar en el &#xE1;mbito municipal -- Situaci&#xF3;n de las experiencias:  el punto de partida -- La educaci&#xF3;n familiar desde diferentes niveles de intervenci&#xF3;n: la complementariedad necesaria -- M&#xE1;s que conclusi&#xF3;n, breve reflexi&#xF3;n sobre las experiencias -- La construcci&#xF3;n de historias --Desde el umbral, hilo a la cometa -- Lo instituido y la comunidad: durmiendo con su enemigo -- Nubosidad variable o incertidumbre como posibilidad -- Redes constructoras de realidades y devenires sociales -- Por los bordes de nuevos proyectos: otros itinerarios, otros territorios, otros tiempos -- La caja de pandora. una experiencia grupal con mujeres y su impacto comunitario -- Desafiando al mito -- Pandora, la que da todo -- Abrir la caja o la transgresi&#xF3;n creadora -- Y en el fondo de la caja, la esperanza -- Tiempo de interlunio. apuntes para repensar la atenci&#xF3;n social primaria -- Apolog&#xED;a de la imaginaci&#xF3;n creadora -- Recuperar la intervenci&#xF3;n (versus gesti&#xF3;n) -- La mirada calidosc&#xF3;pica -- El reto de las encrucijadas a hacia una acci&#xF3;n social estrat&#xE9;gica -- La pr&#xE1;ctica consciente: ant&#xED;doto infalible contra inercia, abismos y naufragios -- Modelo t&#xE9;cnico y modelo organizativo: una aproximaci&#xF3;n solidaria -- De navegantes y cantos de sirenas. lo instituido frente a la seducci&#xF3;n de lo vivencial colectivo -- El viaje como met&#xE1;fora de lo social -- Circe o sobre las t&#xE1;cticas de resistencia -- El silencio de la sirenas -- La extrema dignidad del n&#xE1;ufrago -- Red social y vida cotidiana: un universo solidario. aprop&#xF3;sito de diario de una buena vecina -- El arte de crear narrativas solidarias: &#xE9;tica y est&#xE9;tica en trabajo social -- Desconstruir, construir, reconstruir el concepto de solidaridad -- El mediod&#xED;a de los derechos y el crep&#xFA;sculo de los deberes -- Descubrir al otro o sobre la &#xE9;tica del cuidado y del l&#xED;mite -- Atlas de geograf&#xED;a humana: vida cotidiana y redes sociales -- Por una pedagog&#xED;a de la caricia del con-tacto -- Contra los puentes levadizos. la formaci&#xF3;n de trabajadores sociales en clave comunitaria -- Experiencia profesional y docente: un juego de espejos -- Distancias que crean abismo -- Cambiar la mirada -- Del encuentro a la identidad -- Intercambio y construcci&#xF3;n de nuevas historias -- Aprender/ense&#xF1;ar a revindicar el horizonte -- Con-texto -- Una noche, m&#xE1;s scherezade. m&#xE1;s all&#xE1; del m&#xE9;todo: imagina(c)i&#xF3;n y narra(c)i&#xF3;n en el trabajo social -- Historias peregrinas, el arte de la elocuencia -- El castillo de Hamlet o construyendo mundos posibles -- Cuando Diego descubri&#xF3; el mar: aprender a mirar -- La misa de la coronaci&#xF3;n de Mozart no era la m&#xFA;sica -- El d&#xED;a en que Merl&#xED;n perdi&#xF3; su magia  -- Las mil y una noches que jam&#xE1;s escribi&#xF3; Julio Verne -- Recuperar los pasos perdidos o el milagro de nadar -- Y con la luz del alba, el silencio -- Cr&#xF3;nica y balance de una experiencia inacabada. creando un modelo te&#xF3;rico y pr&#xE1;ctico de intervenci&#xF3;n comunitaria -- Experiencia profesional como nomadismo -- El sutil discurrir de un r&#xED;o: de la teor&#xED;a a la pr&#xE1;ctica (y viceversa) -- Sistematizaci&#xF3;n: conversaciones con la pr&#xE1;ctica (hable con ella) -- La orientaci&#xF3;n cr&#xED;tica del trabajo social como motor de pr&#xE1;cticas transformadoras -- Opci&#xF3;n por una concepci&#xF3;n constructiva de la comunidad y delo comunitario -- &#xC9;tica y est&#xE9;tica de la pr&#xE1;ctica comunitaria: el lenguaje puede ser arma cargada de futuro -- Pr&#xE1;cticas comunitarias y nuevos contextos por-venir Contexto ultramoderno. el paradigma de la inteligencia creadora -- Contexto organizativo. instituciones ecol&#xF3;gicas: apertura, comunicaci&#xF3;n, flexibilidad y proximidad.</subfield>
  </datafield>
  <datafield tag="526" ind1=" " ind2=" ">
    <subfield code="a">P202</subfield>
  </datafield>
  <datafield tag="526" ind1=" " ind2=" ">
    <subfield code="a">P201</subfield>
  </datafield>
  <datafield tag="526" ind1=" " ind2=" ">
    <subfield code="a">P163</subfield>
  </datafield>
  <datafield tag="526" ind1=" " ind2=" ">
    <subfield code="a">P162</subfield>
  </datafield>
  <datafield tag="526" ind1=" " ind2=" ">
    <subfield code="a">P161</subfield>
  </datafield>
  <datafield tag="526" ind1=" " ind2=" ">
    <subfield code="a">P160</subfield>
  </datafield>
  <datafield tag="526" ind1=" " ind2=" ">
    <subfield code="a">P148</subfield>
  </datafield>
  <datafield tag="526" ind1=" " ind2=" ">
    <subfield code="a">P147</subfield>
  </datafield>
  <datafield tag="526" ind1=" " ind2=" ">
    <subfield code="a">P146</subfield>
  </datafield>
  <datafield tag="526" ind1=" " ind2=" ">
    <subfield code="a">P145</subfield>
  </datafield>
  <datafield tag="526" ind1=" " ind2=" ">
    <subfield code="a">P144</subfield>
  </datafield>
  <datafield tag="526" ind1=" " ind2=" ">
    <subfield code="a">P143</subfield>
  </datafield>
  <datafield tag="526" ind1=" " ind2=" ">
    <subfield code="a">P142</subfield>
  </datafield>
  <datafield tag="526" ind1=" " ind2=" ">
    <subfield code="a">P141</subfield>
  </datafield>
  <datafield tag="526" ind1=" " ind2=" ">
    <subfield code="a">P140</subfield>
  </datafield>
  <datafield tag="526" ind1=" " ind2=" ">
    <subfield code="a">P139</subfield>
  </datafield>
  <datafield tag="526" ind1=" " ind2=" ">
    <subfield code="a">P138</subfield>
  </datafield>
  <datafield tag="526" ind1=" " ind2=" ">
    <subfield code="a">P137</subfield>
  </datafield>
  <datafield tag="526" ind1=" " ind2=" ">
    <subfield code="a">P136</subfield>
  </datafield>
  <datafield tag="526" ind1=" " ind2=" ">
    <subfield code="a">P135</subfield>
  </datafield>
  <datafield tag="526" ind1=" " ind2=" ">
    <subfield code="a">P134</subfield>
  </datafield>
  <datafield tag="526" ind1=" " ind2=" ">
    <subfield code="a">P133</subfield>
  </datafield>
  <datafield tag="526" ind1=" " ind2=" ">
    <subfield code="a">P129</subfield>
  </datafield>
  <datafield tag="526" ind1=" " ind2=" ">
    <subfield code="a">P128</subfield>
  </datafield>
  <datafield tag="526" ind1=" " ind2=" ">
    <subfield code="a">P127</subfield>
  </datafield>
  <datafield tag="526" ind1=" " ind2=" ">
    <subfield code="a">P120</subfield>
  </datafield>
  <datafield tag="526" ind1=" " ind2=" ">
    <subfield code="a">P119</subfield>
  </datafield>
  <datafield tag="526" ind1=" " ind2=" ">
    <subfield code="a">P118</subfield>
  </datafield>
  <datafield tag="526" ind1=" " ind2=" ">
    <subfield code="a">P116</subfield>
  </datafield>
  <datafield tag="526" ind1=" " ind2=" ">
    <subfield code="a">P115</subfield>
  </datafield>
  <datafield tag="526" ind1=" " ind2=" ">
    <subfield code="a">P114</subfield>
  </datafield>
  <datafield tag="526" ind1=" " ind2=" ">
    <subfield code="a">P110</subfield>
  </datafield>
  <datafield tag="526" ind1=" " ind2=" ">
    <subfield code="a">P109</subfield>
  </datafield>
  <datafield tag="526" ind1=" " ind2=" ">
    <subfield code="a">P108</subfield>
  </datafield>
  <datafield tag="526" ind1=" " ind2=" ">
    <subfield code="a">P104</subfield>
  </datafield>
  <datafield tag="526" ind1=" " ind2=" ">
    <subfield code="a">P103</subfield>
  </datafield>
  <datafield tag="526" ind1=" " ind2=" ">
    <subfield code="a">P102</subfield>
  </datafield>
  <datafield tag="526" ind1=" " ind2=" ">
    <subfield code="a">P99</subfield>
  </datafield>
  <datafield tag="526" ind1=" " ind2=" ">
    <subfield code="a">P98</subfield>
  </datafield>
  <datafield tag="526" ind1=" " ind2=" ">
    <subfield code="a">P97</subfield>
  </datafield>
  <datafield tag="526" ind1=" " ind2=" ">
    <subfield code="a">P96</subfield>
  </datafield>
  <datafield tag="526" ind1=" " ind2=" ">
    <subfield code="a">P95</subfield>
  </datafield>
  <datafield tag="526" ind1=" " ind2=" ">
    <subfield code="a">P93</subfield>
  </datafield>
  <datafield tag="526" ind1=" " ind2=" ">
    <subfield code="a">P90</subfield>
  </datafield>
  <datafield tag="526" ind1=" " ind2=" ">
    <subfield code="a">P89</subfield>
  </datafield>
  <datafield tag="526" ind1=" " ind2=" ">
    <subfield code="a">P88</subfield>
  </datafield>
  <datafield tag="526" ind1=" " ind2=" ">
    <subfield code="a">P83</subfield>
  </datafield>
  <datafield tag="526" ind1=" " ind2=" ">
    <subfield code="a">P82</subfield>
  </datafield>
  <datafield tag="526" ind1=" " ind2=" ">
    <subfield code="a">P62</subfield>
  </datafield>
  <datafield tag="526" ind1=" " ind2=" ">
    <subfield code="a">P59</subfield>
  </datafield>
  <datafield tag="526" ind1=" " ind2=" ">
    <subfield code="a">P58</subfield>
  </datafield>
  <datafield tag="526" ind1=" " ind2=" ">
    <subfield code="a">P57</subfield>
  </datafield>
  <datafield tag="526" ind1=" " ind2=" ">
    <subfield code="a">P51</subfield>
  </datafield>
  <datafield tag="526" ind1=" " ind2=" ">
    <subfield code="a">P49</subfield>
  </datafield>
  <datafield tag="526" ind1=" " ind2=" ">
    <subfield code="a">P48</subfield>
  </datafield>
  <datafield tag="526" ind1=" " ind2=" ">
    <subfield code="a">P47</subfield>
  </datafield>
  <datafield tag="526" ind1=" " ind2=" ">
    <subfield code="a">P29</subfield>
  </datafield>
  <datafield tag="526" ind1=" " ind2=" ">
    <subfield code="a">P24</subfield>
  </datafield>
  <datafield tag="526" ind1=" " ind2=" ">
    <subfield code="a">P20</subfield>
  </datafield>
  <datafield tag="526" ind1=" " ind2=" ">
    <subfield code="a">P19</subfield>
  </datafield>
  <datafield tag="526" ind1=" " ind2=" ">
    <subfield code="a">P17</subfield>
  </datafield>
  <datafield tag="526" ind1=" " ind2=" ">
    <subfield code="a">P15</subfield>
  </datafield>
  <datafield tag="526" ind1=" " ind2=" ">
    <subfield code="a">P14</subfield>
  </datafield>
  <datafield tag="526" ind1=" " ind2=" ">
    <subfield code="a">P12</subfield>
  </datafield>
  <datafield tag="526" ind1=" " ind2=" ">
    <subfield code="a">P10</subfield>
  </datafield>
  <datafield tag="526" ind1=" " ind2=" ">
    <subfield code="a">P09</subfield>
  </datafield>
  <datafield tag="526" ind1=" " ind2=" ">
    <subfield code="a">P08</subfield>
  </datafield>
  <datafield tag="526" ind1=" " ind2=" ">
    <subfield code="a">P07</subfield>
  </datafield>
  <datafield tag="526" ind1=" " ind2=" ">
    <subfield code="a">P06</subfield>
  </datafield>
  <datafield tag="526" ind1=" " ind2=" ">
    <subfield code="a">P05</subfield>
  </datafield>
  <datafield tag="526" ind1=" " ind2=" ">
    <subfield code="a">P04</subfield>
  </datafield>
  <datafield tag="526" ind1=" " ind2=" ">
    <subfield code="a">P01</subfield>
  </datafield>
  <datafield tag="541" ind1=" " ind2=" ">
    <subfield code="g">F002-00000083;</subfield>
  </datafield>
  <datafield tag="650" ind1="0" ind2="4">
    <subfield code="a">Desarrollo de la comunidad.</subfield>
  </datafield>
  <datafield tag="650" ind1="0" ind2="4">
    <subfield code="a">Interacci&#xF3;n social.</subfield>
  </datafield>
  <datafield tag="650" ind1="0" ind2="4">
    <subfield code="a">Relaciones interpersonales.</subfield>
    <subfield code="9">5210</subfield>
  </datafield>
  <datafield tag="650" ind1="0" ind2="4">
    <subfield code="a">Redes sociales.</subfield>
  </datafield>
  <datafield tag="650" ind1="0" ind2="4">
    <subfield code="a">Community development.</subfield>
  </datafield>
  <datafield tag="650" ind1="0" ind2="4">
    <subfield code="a">Social interaction.</subfield>
  </datafield>
  <datafield tag="650" ind1="0" ind2="4">
    <subfield code="a">Relationships.</subfield>
  </datafield>
  <datafield tag="650" ind1="0" ind2="4">
    <subfield code="a">Social networks.</subfield>
  </datafield>
  <datafield tag="910" ind1=" " ind2=" ">
    <subfield code="a">dbm</subfield>
    <subfield code="b">jpc</subfield>
    <subfield code="c">jpc</subfield>
    <subfield code="d">20180626</subfield>
  </datafield>
  <datafield tag="942" ind1=" " ind2=" ">
    <subfield code="2">ddc</subfield>
    <subfield code="c">BOOK</subfield>
  </datafield>
  <datafield tag="994" ind1=" " ind2=" ">
    <subfield code="a">C0</subfield>
    <subfield code="b">PEPRU</subfield>
  </datafield>
  <datafield tag="596" ind1=" " ind2=" ">
    <subfield code="a">1</subfield>
  </datafield>
  <datafield tag="999" ind1=" " ind2=" ">
    <subfield code="a">361.32 N29</subfield>
    <subfield code="w">DEWEY</subfield>
    <subfield code="c">28659</subfield>
    <subfield code="i">78796</subfield>
    <subfield code="f">2021-11-3</subfield>
    <subfield code="g">4</subfield>
    <subfield code="l">CCODEBUL1</subfield>
    <subfield code="m">BUL</subfield>
    <subfield code="p">25.00</subfield>
    <subfield code="r">0</subfield>
    <subfield code="s">Y</subfield>
    <subfield code="t">BOOK</subfield>
    <subfield code="u">2018-6-26</subfield>
    <subfield code="x">SALUD</subfield>
    <subfield code="z">P33</subfield>
    <subfield code="0">COMPRA</subfield>
    <subfield code="1">FCOMPRA</subfield>
    <subfield code="o">.STAFF. Colecci&#xF3;n Ciencias de la Salud</subfield>
    <subfield code="d">28659</subfield>
  </datafield>
  <datafield tag="980" ind1=" " ind2=" ">
    <subfield code="8">1</subfield>
    <subfield code="g">ALBERTO SANCHEZ Responsable de Automatizaci&#xF3;n</subfield>
  </datafield>
  <datafield tag="952" ind1=" " ind2=" ">
    <subfield code="r">2025-12-02 00:00:00</subfield>
    <subfield code="i">5</subfield>
    <subfield code="l">0</subfield>
    <subfield code="o">361.32 N29</subfield>
    <subfield code="p">78796</subfield>
    <subfield code="t">e1</subfield>
    <subfield code="v">30.00</subfield>
    <subfield code="w">2018-06-26</subfield>
    <subfield code="x">FCS</subfield>
    <subfield code="y">BK</subfield>
    <subfield code="z">inventario-2023-12-13</subfield>
    <subfield code="1">0</subfield>
    <subfield code="2">ddc</subfield>
    <subfield code="5">0</subfield>
    <subfield code="7">0</subfield>
    <subfield code="8">GEN</subfield>
    <subfield code="f">P33</subfield>
    <subfield code="a">BUL</subfield>
    <subfield code="b">BUL</subfield>
    <subfield code="c">GEN</subfield>
    <subfield code="d">2018-06-26</subfield>
    <subfield code="e">COMPRA</subfield>
    <subfield code="g">25.00</subfield>
  </datafield>
</record>
